000 00237nam a2200097Ia 4500
001 683733
005 20250826161444.0
008 250824s9999 xx 000 0 und d
245 0 _aDÜNYA NİMETİ
_cKNUT HAMSUN
260 _bTİMAŞ YAYINLARI
999 _c683733
_d683733